Účast laických přísedících v pracovněprávních sporech: česká a německá právní tradice v historickém kontextu

Príspevok sleduje historický vývoj, právne zakotvenie a premeny významu účasti laických prísediacich v pracovnom súdnictve v komparatívnej perspektíve v ČR a Spolkovej republike Nemecko. Autorka si kladie si otázku, či ich zrušenie nepredstavuje rezignáciu na prepojenie justície so spoločnosťou, dôr...

Ausführliche Beschreibung

Gespeichert in:
Bibliographische Detailangaben
1. Verfasser: Špatenková, Renata
Format: Buchkapitel
Sprache:Tschechisch
Schlagworte:
Tags: Tag hinzufügen
Keine Tags, Fügen Sie das erste Tag hinzu!

MARC

LEADER 00000naa a2200000 4500
001 0313351
005 20251125102235.0
041 0 |a cze 
044 |a SK 
245 1 0 |a Účast laických přísedících v pracovněprávních sporech: česká a německá právní tradice v historickém kontextu  |c Renata Špatenková 
520 |a Príspevok sleduje historický vývoj, právne zakotvenie a premeny významu účasti laických prísediacich v pracovnom súdnictve v komparatívnej perspektíve v ČR a Spolkovej republike Nemecko. Autorka si kladie si otázku, či ich zrušenie nepredstavuje rezignáciu na prepojenie justície so spoločnosťou, dôraz na praktickú skúsenosť a ochranu sociálne slabších účastníkov sporu. 
610 2 0 |a právo pracovné 
610 2 0 |a vzťahy pracovnoprávne 
610 2 0 |a spory pracovné 
610 2 0 |a súdy 
610 2 0 |a história 
610 2 0 |a porovnanie medzinárodné 
100 1 |a Špatenková, Renata